00490nam a2200145 a 4500008004100000050001300041100002100054245013900075260004000214300001500254350000900269490003300278650001100311700002200322100830s2004 ||||||||||||||||| || u aIBRD(08) aFernandes, Ana M10aInternational economic activities and the demand for skilled labor: evidence from Brazil and ChinacPablo Fajnzylber; Ana M. Fernandes aWashington, D. C.bWorld Bankc2004 a42p.: ill. a0.00 aPolicy Reseach Working Paper aLABOUR aFajnzylber, Pablo